Алгоритмы и программы решения задач оптимизации: сборник научных трудов

Sonraí bibleagrafaíochta
Údar corparáideach: Академия наук Белорусской ССР (АН БССР) Институт технической кибернетики (ИТК)
Rannpháirtithe: Танаев В. С. Вячеслав Сергеевич (редактор)
Teanga:Rúisis
Foilsithe / Cruthaithe: Минск, Изд-во ИТК, 1983
Ábhair:
Formáid: MixedMaterials LEABHAR
KOHA link:https://koha.lib.tpu.ru/cgi-bin/koha/opac-detail.pl?biblionumber=135714

MARC

LEADER 00000nam0a2200000 4500
001 135714
005 20231031140213.0
020 |a RU  |b 84-17 
035 |a (RuTPU)RU\TPU\book\147077 
090 |a 135714 
100 |a 20080414d1983 k y0rusy5003 ca 
101 0 |a rus 
102 |a BY 
105 |a y z 001zy 
200 1 |a Алгоритмы и программы решения задач оптимизации  |e сборник научных трудов  |f Академия наук Белорусской ССР (АН БССР), Институт технической кибернетики (ИТК); под ред. В. С. Танаева 
210 |a Минск  |c Изд-во ИТК  |d 1983 
215 |a 116 с.  |c ил. 
320 |a Библиография в конце статей 
610 1 |a алгоритмы 
610 1 |a программы 
610 1 |a оптимизация 
610 1 |a решение задач 
610 1 |a данные 
610 1 |a ввод-вывод 
675 |a 519.87  |v 3 
702 1 |a Танаев  |b В. С.  |g Вячеслав Сергеевич  |4 340 
712 0 2 |a Академия наук Белорусской ССР (АН БССР)  |b Институт технической кибернетики (ИТК)  |c (Минск)  |2 stltpush  |3 (RuTPU)RU\TPU\col\443 
801 0 |a RU  |b RuMRKP  |c 19950704  |g psbo 
801 1 |a RU  |b 63413507  |c 20080414  |g PSBO 
801 2 |a RU  |b 63413507  |c 20090130  |g PSBO 
942 |c BK